| 000 | 00700nam a2200217 i 4500 | ||
|---|---|---|---|
| 001 | 188087 | ||
| 003 | SpMaBN | ||
| 005 | 20250822035139.0 | ||
| 008 | 180426s1975 sp |||| | spa d | ||
| 080 | _a159.922.1(04) | ||
| 080 | _a159.942(04) | ||
| 100 | 1 |
_aVilar, Esther, _d1935- _9114793 |
|
| 245 | 1 | 3 |
_aEl varón polígamo / _cEsther Vilar ; [traducción de Manuel Vázquez]. |
| 250 | _a2ª ed. | ||
| 260 |
_aEsplugas de Llobregat (Barcelona) : _bPlaza & Janés, _c1975. |
||
| 300 |
_a185 p. ; _c20 cm. |
||
| 650 | 7 |
_aHombres- _xConducta sexual _2 _9146204 |
|
| 650 | 7 |
_aPsicología sexual _2embne _916572 |
|
| 852 |
_aES-MaACL _jL-31978 _z- Enc. cart. |
||
| 999 |
_c188087 _d188087 |
||